000 00570nam a22002177a 4500
003 OSt
005 20220107122800.0
008 150515b xxu||||| |||| 00| 0 eng d
020 _a9789351194361
040 _cIIITMK
082 _a005.268 LIM/ I
100 _aLim, Brendan G.
_96950
245 _aIOS 7 in action
260 _aNew Delhi
_bDreamtech Press
_c2014
300 _axviii, 350p.
650 _aCOMPUTER SCIENCE
_96951
650 _aWEB DEVELOPMENT
_96952
650 _aIOS APPLICATION
_96953
700 _aMac Donell, Martin Conte
_96954
942 _2ddc
_cBK
999 _c4715
_d4715